000 00608nam a2200217 i 4500
001 41306
003 ES-MaACL
005 20230906160417.0
007 t|
008 030310s1968 sp |||| | spa d
080 _a615.214
100 1 _aCashman, John.
_936311
245 1 3 _aEl fenómeno LSD /
_cJohn Cashman ; traducción de Rosalía Vázquez.
250 _a1ª ed.
260 _aBarcelona :
_bPlaza & Janés,
_c1968.
300 _a219 p. ;
_c22 cm.
650 4 _aLSD (Droga)
_9146005
650 4 _aAlucinógenos.
_99746
700 1 _aVázquez Tomás, Rosalia.
_9146004
852 _aES-MaACL
_jC-47932
999 _c41306
_d41306